=LDR 00000nam 2200000 4500 =001 INLIS000000000038332 =005 20150223113253.0 =006 =007 =008 Ind =035 ##$$0010-061300000038332 =041 ##$$a Ind =082 ##$$a 658.4 =090 ##$$a 658.4, Bam l =100 ##$$a Bambang Ws, Paulus =245 ##$$a Lead to bless leader, Kepemimpinan yang menjamin perushaan sejahtera dan karyawan bahagia, Paulus Bambang Ws; Editor, Reyendra L. Toruan =260 ##$$a 2009 $b Jakarta =300 ##$$a xxv,326 hlm, Ilus, 21 cm =650 ##$$a Kepemimpinan =700 ##$$a Toruan L, Reyendra =850 ##$$a NBPNMAT =990 ##$$a 0001/BPAP-NTB/2016